000
00300nam a22001337a 4500
008
170822b xxu||||| |||| 00| 0 eng d
020
_a
9780470413319
041
_a
eng
080
_a
51
100
_a
51
101
_a
MAT
245
_a
INVESTIGATING COLLEGE ALGEBRA
_c
BURGIS.K
942
_2
udc
_c
BK
999
_c
24462
_d
24462